| 000 | 00780nam a2200289Ia 4500 | ||
|---|---|---|---|
| 001 | 23258 | ||
| 003 | IT-RoPAU | ||
| 008 | 130308s9999 xx 000 0 und d | ||
| 040 | _aIT-RoPAU | ||
| 040 | _cIT-RoPAU | ||
| 041 | _aITALIANO | ||
| 100 | _aNicolini Renato | ||
| 100 | _gCodice Aut. SPICS: 5731 | ||
| 245 | _aDifendere l'effimero dai suoi ammiratori | ||
| 245 | _bEffimero Teatrale (L')-Parco Centrale Meraviglioso Urbano | ||
| 250 | _a1a ed. | ||
| 260 | _aFIRENZE | ||
| 260 | _bLa Casa Usher | ||
| 260 | _c1981 [1° Ed.:1981 - Ed.Ling.Originale:1981] | ||
| 300 | _a"4 p. (prefazione: no ; testo: 4 [pagine: 11-14])" | ||
| 650 | _aGENERI TEATRALI | ||
| 650 | _eCodice materia Spics: 8410 | ||
| 942 | _cBK | ||
| 957 | _71 | ||
| 999 |
_c62501 _d62501 |
||
| 999 | _bSI | ||
| 999 | _g1 | ||